00462nam a22001817a 4500003000400000005001700004008004100021020001800062040002900080050002400109100001900133245004300152250000800195260004200203300001000245650000800255650001700263OSt20260205161821.0230220b |||||||| |||| 00| 0 eng d a9780198777663 cChuka University Library aKD 7869 b.H67 2019 aHorder, Jeremy aAshworth's Principles of CRIMINAL LAW/ a9th aOxfordbOxford University Pressc2019 a548p. alaw aCriminal law